000 00550nam a2200169Ia 4500
008 240729s9999 xx 000 0 und d
022 _a2676-6167
245 0 _aJournal of Applied Research on Industrial Engineering
260 _aIran, Islamic Republic of
260 _bAyandegan Institute of Higher Education, Iran
650 _a Industrial engineering. Management engineering
650 _a Technology (General)
650 _aTechnology
856 _uhttps://doaj.org/toc/d6c94c6f68864fe48e45c7b449d1adc3
942 _2ddc
942 _cDOAJEJ
999 _c70561
_d70561
945 _a1
_bMadushi Gamage
_c1
_dMadushi Gamage